Výber vhodného modelu ohodnotenia pri stanovení hodnoty podniku
Tvorba nástroja Rozhodovacieho modelu (Model Chooser) na výber vhodného prístupu a metódy pri ohodnocovaní podniku. Analýza výberu metód ohodnotenia podnikov a modelovanie rozhodovacieho procesu pre výber prístupu a metódy ohodnotenia. Využitie metódy procesnej analýzy ako východisko pre tvorbu proc...
Salvato in:
| Autore principale: | |
|---|---|
| Natura: | Capitolo di libro |
| Lingua: | slovacco |
| Soggetti: | |
| Tags: |
Nessun Tag, puoi essere il primo ad aggiungerne!!
|
MARC
| LEADER | 00000naa$a2200000$$$4500 | ||
|---|---|---|---|
| 001 | 0273026 | ||
| 005 | 20240502074314.1 | ||
| 041 | 0 | |a slo | |
| 044 | |a SK | ||
| 245 | 1 | 0 | |a Výber vhodného modelu ohodnotenia pri stanovení hodnoty podniku |c Anna Harumová |
| 520 | |a Tvorba nástroja Rozhodovacieho modelu (Model Chooser) na výber vhodného prístupu a metódy pri ohodnocovaní podniku. Analýza výberu metód ohodnotenia podnikov a modelovanie rozhodovacieho procesu pre výber prístupu a metódy ohodnotenia. Využitie metódy procesnej analýzy ako východisko pre tvorbu procesných modelov (procesných máp). Zisťovanie logických väzieb a vzájomných interakcií rozhodovacích procesov. Analýza jednotlivých aspektov či vzťahov pri aplikácii jednotlivých metód ohodnotenia a legislatívy či aktuálne platných štandardov ohodnotenia. Odporúčania a komparácia využití jednotlivých modelov ohodnotenia. Simulácia rôznych rozhodovacích procesov a identifikácia kvality výstupov rozhodovacieho modelu. | ||
| 610 | 2 | 0 | |a ohodnocovanie podniku |
| 610 | 2 | 0 | |a hodnota podniku |
| 610 | 2 | 0 | |a metódy ohodnocovania |
| 610 | 2 | 0 | |a modely rozhodovania |
| 610 | 2 | 0 | |a procesy rozhodovacie |
| 610 | 2 | 0 | |a oceňovanie |
| 610 | 2 | 0 | |a modelovanie finančné |
| 100 | 1 | |a Harumová, Anna, 1955- | |